Countries Closest to Italy (in Italian) - Statistics

General Stats
  • This quiz has been taken 245 times
    242 since last reset
  • The average score is 14 of 20
Answer Stats
km nazione miglia % Correct
0 San Marino 0
93%
0 Francia 0
86%
0 Slovenia 0
86%
0 Austria 0
84%
81 Malta 50
81%
0 Città del Vaticano 0
78%
8 Monaco 5
76%
73 Albania 45
75%
45 Germania 28
72%
174 Montenegro 108
71%
78 Grecia 49
70%
0 Svizzera 0
68%
144 Tunisia 89
65%
153 Bosnia-Erzegovina 95
62%
12 Croazia 8
62%
68 Liechtenstein 43
61%
258 Kosovo 160
50%
204 Macedonia 127
47%
188 Ungheria 117
36%
230 Repubblica Ceca 143
30%
No matching quizzes found
Score Distribution
Percent of People with Each Score
Percentile by Number Answered
Your Score History
You have not taken this quiz since the last reset